Green Animals - Statistics

General Stats
  • This quiz has been taken 21 times
  • The average score is 6 of 11
Answer Stats
Answer % Correct
Crocodile
94%
Frog
72%
Lizard
61%
Snake
61%
Grasshopper
56%
Turtle
56%
Chameleon
44%
Toad
44%
Iguana
39%
Praying Mantis
39%
Cricket
33%
No matching quizzes found
Score Distribution
Percent of People with Each Score
Percentile by Number Answered
Your Score History
You have not taken this quiz